000 00576nam a2200193Ia 4500
005 20230801112340.0
008 131103s9999 xx 000 0 und d
020 _a553296981
040 _aLoreto College
041 _aEnglish
082 _aF
_bFRA
100 _aFrank,Anne
245 _aAnne Frank
_b The diary of a young girl
_cAnne Frank;translated from the Dutch by B.M.Mooyaart Doubleday;with an introduction by Eleanor Roosevelt
260 _aNew York
_bBantam Books
_c1967
300 _a283 p.
650 _aFiction in English
850 _aLCLIB
942 _cBK
999 _c14359
_d64838